000 00285nam a2200121Ia 4500
008 190216s9999||||xx |||||||||||||| ||und||
100 _aJain.S.K
245 0 _aKinetics Of Chemical Reactions
260 _bVishal Publcations
_c1982
300 _a272p
650 _aChemistry
942 _cBK
999 _c2604
_d2604